00541nam a22001577a 450000500170000001000150001702000270003203500140005903700130007308200130008610000250009924501090012426000460023327000800027930000240035920170630114857.0 aENG-119079 a9788192473109c1195.00 aEN-102611 bDBAD/PUB a341.2354 aPatnaik, Saroj Kumar aUnited nations and india in the promotion of social service and social welfare /cby Saroj Kumar Patnaik aNew DelhibSwaraj Book Distributorsc2013 a4648/1,21, (F-8), Jagdamba Bhavan, Ansari Road, Daryaganj, New Delhi-110002 axvi,418pc23cm.(Hb)